Ładuje się......

മെഹ൪ബാനി

Opis bibliograficzny
Główni autorzy: എ൯ എ൯ പിള്ള, N N Pillai
Format: Printed Book
Wydane: Kottayam; Sahitya Pravartaka Co-operative Society Ltd.; 1969
Wydanie:1st
Hasła przedmiotowe:
LEADER 00658nam a22001817a 4500
082 |a 894.M2  |b PIL/M K9 
100 |a എ൯ എ൯ പിള്ള;  |9 179221 
100 |a N N Pillai   |9 179222 
240 |a Meharbani 
245 |a മെഹ൪ബാനി 
250 |a 1st 
260 |a Kottayam;   |b Sahitya Pravartaka Co-operative Society Ltd.;  |c 1969 
300 |a 60p. 
650 |a മലയാളം; നാടകം   |9 179223 
650 |a Malayalam; Drama  |9 179224 
942 |c BK 
999 |c 37802  |d 37802 
952 |0 0  |1 0  |4 0  |6 894_000000000000000_M2_PIL_M_K9  |7 0  |8 DRA  |9 42520  |a MAL  |b MAL  |d 2015-06-18  |e 11405  |g 1.00  |l 0  |o 894.M2 PIL/M K9  |p MAL011405  |r 2015-06-18  |t 1  |w 2015-06-18  |y BK